000 00655nam a22001937a 4500
999 _c186760
_d186760
005 20220314170402.0
010 _aENG-131981
020 _a9789386695284
_c895.00
035 _aEN-115513
037 _bDBAD
082 _a362.1963414
245 _aCovid-19 Pandemic:
_bA Global Challenge/
_cEdited by Raj Pal Singh, Anupama Sihag and Rakesh Kumar
260 _aNew Delhi
_bAryan Publication
_c2020
270 _a110, Gali No. 4, Harphool Vihar, Barpraula
_bNew Delhi
_e110043
_maryanpublication12@gmail.com
300 _a283p.
_c23cm(hbk)
700 _aSihag, Anupama
700 _aKumar, Rakesh
942 _2ddc
_cEN
_h362.1962414
_mCOV